Land vs. Land #187 - Statistiken

Allgemein
  • Dieses Quiz wurde 29 mal gespielt
  • Das Durchschnittsergebnis liegt bei 12 aus 14
Antwortstatistiken
Frage Antwort % Korrekt
...Einwohner? Japan🇯🇵
100%
...Tourismus? Japan🇯🇵
100%
...Bruttoinlandsprodukt? Japan🇯🇵
96%
...Lebenserwartung? Japan🇯🇵
96%
...durchschnittlicher IQ? Japan🇯🇵
96%
...Exportmengen? Japan🇯🇵
96%
...Gewinner? Japan🇯🇵
96%
...Militär? Japan🇯🇵
92%
...HDI (Human Development Index)? Japan🇯🇵
92%
...Gesundheitswesen? Japan🇯🇵
92%
...Bruttoinlandsprodukt pro Kopf? Japan🇯🇵
88%
...Frieden? Japan🇯🇵
72%
...Fläche? Japan🇯🇵
60%
...Happy Planet Index? Rumänien🇷🇴
24%
Keine übereinstimmenden Quizze gefunden
Verteilung der Resultate
Anzahl Personen mit jedem Resultat
Perzentil nach korrekt beantworteten Fragen
Ihre Resultats-Entwicklung
Sie haben dieses Quiz noch nicht gespielt